| 000 | 00970nam a2200229Ia 4500 | ||
|---|---|---|---|
| 001 | 784 | ||
| 003 | GE_BSU | ||
| 008 | 181216s||||||||xx |||||||||||||| ||und|| | ||
| 020 | _a9992889047 | ||
| 040 | _cGE_BSU | ||
| 080 | _a616.31(075.8) | ||
| 245 | _aპირის ღრუს ლორწოვანი გარსისა და ტუჩების დაავადებები. | ||
| 245 | _cრედ:ე. ბოროვსკი და ა. მაშკეილოსანი. ქართ. თარგმნის რედ. ლ. ჭელიძე. ა. კაციტაძე, კახაბერ ჭელიძე. | ||
| 260 | _aთბილისი | ||
| 260 | _bმთაწმინდელი", | ||
| 260 | _c2003 | ||
| 300 | _a259 გვ. | ||
| 541 | _h7 ლ. | ||
| 653 | _aპირის ღრუს დაავადებები; | ||
| 653 | _aტუჩების დაავადებები; | ||
| 942 | _cBK | ||
| 999 |
_c34955 _d34955 |
||